000 00435ntaaa2200169 4500
003 01
005 20251027201739.0
008 0714s1973 ag 01
040 _aAR-BaBN
_bspa
_cAR-BaBN
_eaacr
_dRIC
082 _a239.0000 M228
100 _aMair, Alejandro
_916035
245 _aEstudios en las evidencias cristianas
250 _a1 ed.
260 _aNew York :
_bSociedad Americana de Tratados
650 _aapologética
942 _cBK
999 _c12146
_d12146